Botafogo FR Squad 2025 - Statistics

General Stats
  • This quiz has been taken 60 times
    47 since last reset
  • The average score is 17 of 34
Answer Stats
# Position Nation Player % Correct
13 DF Brazil Alex Telles
88%
10 MF Venezuela Jefferson Savarino
82%
20 DF Argentina Alexander Barboza
79%
99 FW Brazil Igor Jesus
79%
66 DF Brazil Cuiabano
76%
17 MF Brazil Marlon Freitas
76%
15 DF Angola Bastos
74%
4 DF Uruguay Mateo Ponte
74%
2 DF Brazil Vitinho
74%
7 FW Brazil Artur
71%
21 DF Brazil Marçal
71%
5 MF Brazil Danilo Barbosa
68%
- Coach Portugal Renato Paiva
62%
24 GK Brazil Léo Linck
59%
26 MF Brazil Gregore
56%
28 MF Brazil Newton
56%
47 FW Brazil Jeffinho
53%
11 FW Brazil Matheus Martins
50%
1 GK Brazil Raul
50%
25 MF Brazil Allan
47%
57 DF Brazil David Ricardo
44%
23 MF Uruguay Santiago Rodríguez
44%
12 GK Brazil John Victor
41%
6 MF Brazil Patrick de Paula
32%
39 FW Uruguay Gonzalo Mastriani
29%
32 DF Brazil Jair Cunha
29%
9 FW Brazil Rwan Cruz
26%
16 FW Brazil Nathan Fernandes
24%
33 FW Brazil Elias Manoel
15%
67 FW Brazil Yarlen
12%
18 MF Brazil Kauê
9%
77 MF Brazil Kauan Lindes
6%
69 FW Brazil Rafael Lobato
6%
19 FW Brazil Kayke
3%
No matching quizzes found
Score Distribution
Percent of People with Each Score
Percentile by Number Answered
Your Score History
You have not taken this quiz since the last reset